Cultivation of herbs and flowers / (Record no. 15311)

MARC details
000 -LEADER
fixed length control field 00978nam a22002657a 4500
005 - DATE AND TIME OF LATEST TRANSACTION
control field 2008090307237.0
008 - FIXED-LENGTH DATA ELEMENTS--GENERAL INFORMATION
fixed length control field 080903t xxu||||| |||| 00| 0 eng d
010 ## - LCCN (DPL NO)
LC control number ENG-90894
020 ## - INTERNATIONAL STANDARD BOOK NUMBER
International Standard Book Number 9788178803470
Terms of availability 700.00
035 ## - SYSTEM CONTROL NUMBER
System control number EN-74427
037 ## - SOURCE OF ACQUISITION
Source of stock number/acquisition DBAD / PUB
040 ## - CATALOGING SOURCE
Original cataloging agency DPL
Language of cataloging English
082 ## - DEWEY DECIMAL CLASSIFICATION NUMBER
Classification number 635.75
100 ## - MAIN ENTRY--PERSONAL NAME
Personal name Gupta, S.K.
245 ## - TITLE STATEMENT
Title Cultivation of herbs and flowers /
Statement of responsibility, etc by S.K. Gupta
260 ## - PUBLICATION, DISTRIBUTION, ETC. (IMPRINT)
Place of publication, distribution, etc New Delhi
Name of publisher, distributor, etc Rajat Publications
Date of publication, distribution, etc 2008
270 ## - ADDRESS
Address 4675/21, Ansari Raod, Darya Ganj,
City New Delhi
Postal code 110002
300 ## - PHYSICAL DESCRIPTION
Extent v, 275p.
Dimensions 23 cm (Hb)
500 ## - GENERAL NOTE
General note Includes bibliographical references and index
650 ## - SUBJECT ADDED ENTRY--TOPICAL TERM
Topical term or geographic name as entry element Herb gardening
650 ## - SUBJECT ADDED ENTRY--TOPICAL TERM
Topical term or geographic name as entry element Flower gardening
650 ## - SUBJECT ADDED ENTRY--TOPICAL TERM
Topical term or geographic name as entry element Medicinal plants
General subdivision Therapeutic use
Geographic subdivision Asia
942 ## - ADDED ENTRY ELEMENTS (KOHA)
Source of classification or shelving scheme Dewey Decimal Classification
Item type English Books
Call number suffix GUP
Classification part 635.75
Holdings
Withdrawn status Lost status Source of classification or shelving scheme Damaged status Not for loan Collection code Home library Current library Date acquired Source of acquisition Cost, normal purchase price Total Checkouts Full call number Barcode Date last seen Copy number Cost, replacement price Koha item type
    Dewey Decimal Classification   Not For Loan Non-fiction D.B.Act.Division D.B.Act.Division 03/09/2008 DBAD / PUB 700.00   635.75 GUP EN-74427 15/09/2008 1 700.00 English Books

© Delhi Public Library
Hit Counter
free hit counter